<?xml version="1.0" encoding="UTF-8"?>
<record
    xmlns:xsi="http://www.w3.org/2001/XMLSchema-instance"
    xsi:schemaLocation="http://www.loc.gov/MARC21/slim http://www.loc.gov/standards/marcxml/schema/MARC21slim.xsd"
    xmlns="http://www.loc.gov/MARC21/slim">

  <leader>03659nam a22003137a 4500</leader>
  <controlfield tag="005">20130715120822.0</controlfield>
  <datafield tag="010" ind1=" " ind2=" ">
    <subfield code="a">ENG-105174</subfield>
  </datafield>
  <datafield tag="020" ind1=" " ind2=" ">
    <subfield code="a">9781259005626</subfield>
    <subfield code="c">715.00</subfield>
  </datafield>
  <datafield tag="020" ind1=" " ind2=" ">
    <subfield code="a">1259005623</subfield>
    <subfield code="c">715.00</subfield>
  </datafield>
  <datafield tag="035" ind1=" " ind2=" ">
    <subfield code="a">EN-88707</subfield>
  </datafield>
  <datafield tag="035" ind1=" " ind2=" ">
    <subfield code="a">B-492272-287</subfield>
  </datafield>
  <datafield tag="037" ind1=" " ind2=" ">
    <subfield code="b">DBAD / PUB</subfield>
  </datafield>
  <datafield tag="037" ind1=" " ind2=" ">
    <subfield code="b">Blue Berry/Ven</subfield>
  </datafield>
  <datafield tag="082" ind1=" " ind2=" ">
    <subfield code="a">004.6 </subfield>
  </datafield>
  <datafield tag="100" ind1=" " ind2=" ">
    <subfield code="a">Clarke, Glen E</subfield>
  </datafield>
  <datafield tag="245" ind1="1" ind2=" ">
    <subfield code="a">CompTIA Network+ certification study guide /</subfield>
    <subfield code="c">by  Glen E. Clarke</subfield>
  </datafield>
  <datafield tag="250" ind1=" " ind2=" ">
    <subfield code="a">5th ed(Exam N10-005)</subfield>
  </datafield>
  <datafield tag="260" ind1=" " ind2=" ">
    <subfield code="a">New Delhi</subfield>
    <subfield code="b">Tata McGraw-Hill </subfield>
    <subfield code="c">2012</subfield>
  </datafield>
  <datafield tag="270" ind1=" " ind2=" ">
    <subfield code="a">7, West Patel Nagar</subfield>
    <subfield code="b">New Delhi</subfield>
    <subfield code="e">110008</subfield>
  </datafield>
  <datafield tag="300" ind1=" " ind2=" ">
    <subfield code="a">I,889p. :</subfield>
    <subfield code="b">ill. </subfield>
    <subfield code="c">24cm(pbk)</subfield>
    <subfield code="e">1CD-ROM</subfield>
  </datafield>
  <datafield tag="500" ind1=" " ind2=" ">
    <subfield code="a">Includes index</subfield>
  </datafield>
  <datafield tag="505" ind1=" " ind2=" ">
    <subfield code="a">Machine generated contents note: Chapter 1: Basic Network Concepts -- Chapter 2: Network Protocols and Standards -- Chapter 3: Networking Components -- Chapter 4: TCP/IP Fundamentals -- Chapter 5: TCP/IP Utilities -- Chapter 6: Configuring Routers and Switches -- Chapter 7: Subnetting and Routing -- Chapter 8: Configuring Network Services -- Chapter 9: Wireless Networking -- Chapter 10: Remote Access and VPN -- Connectivity -- Chapter 11: Wide Area Network Technologies -- Chapter 12: Implementing a Network -- Chapter 13: Maintaining and Supporting a Network -- Chapter 14: Network Security -- Chapter 15: Troubleshooting the Network.</subfield>
  </datafield>
  <datafield tag="520" ind1=" " ind2=" ">
    <subfield code="a">"Exam-focused test prep and review--fully updated for the 2011 revision to the CompTIA Network+ examCompTIA Network+ Certification Study Guide, Fifth Edition offers complete coverage of the objectives for the new CompTIA Network+ exam, and provides an integrated study system based on proven pedagogy. Certification objectives are called out in every chapter. Series features reinforce and teach practical skills, including: step-by-step exercises, exam watch and on-the-job elements, and chapter self tests. The self-test sections include knowledge and scenario-based questions and one case study-based lab question per chapter. This complete study system includes more than 400 practice exam questions (in the book and on CD) that match the actual exam questions in content and style. The fifth edition has been thoroughly revised and updated to cover new exam areas, including Windows Server 2009, and the latest networking data and information.CompTIA Network+ Certification Study Guide, Fifth Edition Includes a bonus lab book in electronic form with 20+ additional labs that don&#x2019;t appear in the book Features authorized CompTIA Authorized Partner Program (CAPP) content and is CompTIA reviewed and approved: CAQC (CompTIA Approved Quality Curriculum) Contains a CD-ROM with two full practice exams, video training from the author, and a PDF copy of the book Covers all exam topics: Basic Network Concepts; Network Protocols and Standards; Network Components; TCP/IP Fundamentals; Subnetting and Routing; TCP/IP Utilities; Configuring Network Services; Wireless Networking; Remote Connectivity; Wide Area Network Technologies; Implementing a Network; Maintaining and Supporting a Network; Network Security; Troubleshooting the Network"-- |c Provided by publisher.</subfield>
  </datafield>
  <datafield tag="520" ind1=" " ind2=" ">
    <subfield code="a">"With hundreds of practice questions and hands-on exercises, CompTIA Network+ Certification Study Guide, Fifth Edition covers what you need to know--and shows you how to prepare--for this challenging exam"-- |c Provided by publisher.</subfield>
  </datafield>
  <datafield tag="650" ind1=" " ind2=" ">
    <subfield code="a">Computer networks </subfield>
    <subfield code="x">Examinations</subfield>
    <subfield code="v">Study guides.</subfield>
  </datafield>
  <datafield tag="650" ind1=" " ind2=" ">
    <subfield code="a">Telecommunications engineers </subfield>
    <subfield code="x"> Certification</subfield>
  </datafield>
  <datafield tag="942" ind1=" " ind2=" ">
    <subfield code="a">dpl</subfield>
    <subfield code="c">EN</subfield>
    <subfield code="2">ddc</subfield>
    <subfield code="h">004.6 </subfield>
    <subfield code="m">CLA</subfield>
  </datafield>
  <datafield tag="999" ind1=" " ind2=" ">
    <subfield code="c">65955</subfield>
    <subfield code="d">65955</subfield>
  </datafield>
  <datafield tag="952" ind1=" " ind2=" ">
    <subfield code="0">0</subfield>
    <subfield code="1">0</subfield>
    <subfield code="2">ddc</subfield>
    <subfield code="4">0</subfield>
    <subfield code="7">1</subfield>
    <subfield code="8">NFIC</subfield>
    <subfield code="a">DBAD</subfield>
    <subfield code="b">DBAD</subfield>
    <subfield code="d">2012-05-02</subfield>
    <subfield code="e">DBAD/PUB</subfield>
    <subfield code="g">715.00</subfield>
    <subfield code="l">0</subfield>
    <subfield code="o">004.6  CLA</subfield>
    <subfield code="p">EN-88707</subfield>
    <subfield code="r">2012-05-02 00:00:00</subfield>
    <subfield code="t">1</subfield>
    <subfield code="v">715.00</subfield>
    <subfield code="w">2012-05-02</subfield>
    <subfield code="y">EN</subfield>
  </datafield>
  <datafield tag="952" ind1=" " ind2=" ">
    <subfield code="0">0</subfield>
    <subfield code="1">0</subfield>
    <subfield code="4">0</subfield>
    <subfield code="7">0</subfield>
    <subfield code="8">NFIC</subfield>
    <subfield code="a">L</subfield>
    <subfield code="b">L</subfield>
    <subfield code="d">2013-07-15</subfield>
    <subfield code="e">Blue Berry/IN9994/03.01.2013/116/18.12.2012/23.01.2013</subfield>
    <subfield code="g">715.00</subfield>
    <subfield code="l">0</subfield>
    <subfield code="o">004.6  CLA</subfield>
    <subfield code="p">B-492272</subfield>
    <subfield code="r">2013-07-15 00:00:00</subfield>
    <subfield code="t">1</subfield>
    <subfield code="v">715.00</subfield>
    <subfield code="w">2013-07-15</subfield>
    <subfield code="y">EN</subfield>
  </datafield>
  <datafield tag="952" ind1=" " ind2=" ">
    <subfield code="0">0</subfield>
    <subfield code="1">0</subfield>
    <subfield code="4">0</subfield>
    <subfield code="7">0</subfield>
    <subfield code="8">NFIC</subfield>
    <subfield code="a">BL1</subfield>
    <subfield code="b">BL1</subfield>
    <subfield code="d">2013-07-15</subfield>
    <subfield code="e">Blue Berry/IN9994/03.01.2013/116/18.12.2012/23.01.2013</subfield>
    <subfield code="g">715.00</subfield>
    <subfield code="l">0</subfield>
    <subfield code="o">004.6  CLA</subfield>
    <subfield code="p">B-492273</subfield>
    <subfield code="r">2013-07-15 00:00:00</subfield>
    <subfield code="t">1</subfield>
    <subfield code="v">715.00</subfield>
    <subfield code="y">EN</subfield>
  </datafield>
  <datafield tag="952" ind1=" " ind2=" ">
    <subfield code="0">0</subfield>
    <subfield code="1">0</subfield>
    <subfield code="4">0</subfield>
    <subfield code="7">0</subfield>
    <subfield code="8">NFIC</subfield>
    <subfield code="a">KGM</subfield>
    <subfield code="b">KGM</subfield>
    <subfield code="d">2013-07-15</subfield>
    <subfield code="e">Blue Berry/IN9994/03.01.2013/116/18.12.2012/23.01.2013</subfield>
    <subfield code="g">715.00</subfield>
    <subfield code="l">0</subfield>
    <subfield code="o">004.6  CLA</subfield>
    <subfield code="p">B-492274</subfield>
    <subfield code="r">2013-07-15 00:00:00</subfield>
    <subfield code="t">1</subfield>
    <subfield code="v">715.00</subfield>
    <subfield code="y">EN</subfield>
  </datafield>
  <datafield tag="952" ind1=" " ind2=" ">
    <subfield code="0">0</subfield>
    <subfield code="1">0</subfield>
    <subfield code="4">0</subfield>
    <subfield code="7">0</subfield>
    <subfield code="8">NFIC</subfield>
    <subfield code="a">PR</subfield>
    <subfield code="b">PR</subfield>
    <subfield code="d">2013-07-15</subfield>
    <subfield code="e">Blue Berry/IN9994/03.01.2013/116/18.12.2012/23.01.2013</subfield>
    <subfield code="g">715.00</subfield>
    <subfield code="l">0</subfield>
    <subfield code="o">004.6  CLA</subfield>
    <subfield code="p">B-492275</subfield>
    <subfield code="r">2013-07-15 00:00:00</subfield>
    <subfield code="t">1</subfield>
    <subfield code="v">715.00</subfield>
    <subfield code="y">EN</subfield>
  </datafield>
  <datafield tag="952" ind1=" " ind2=" ">
    <subfield code="0">0</subfield>
    <subfield code="1">5</subfield>
    <subfield code="4">0</subfield>
    <subfield code="7">0</subfield>
    <subfield code="8">NFIC</subfield>
    <subfield code="a">TN</subfield>
    <subfield code="b">TN</subfield>
    <subfield code="d">2013-07-15</subfield>
    <subfield code="e">Blue Berry/IN9994/03.01.2013/116/18.12.2012/23.01.2013</subfield>
    <subfield code="g">715.00</subfield>
    <subfield code="l">0</subfield>
    <subfield code="o">004.6  CLA</subfield>
    <subfield code="p">B-492276</subfield>
    <subfield code="r">2013-07-15 00:00:00</subfield>
    <subfield code="t">1</subfield>
    <subfield code="v">715.00</subfield>
    <subfield code="y">EN</subfield>
  </datafield>
  <datafield tag="952" ind1=" " ind2=" ">
    <subfield code="0">0</subfield>
    <subfield code="1">0</subfield>
    <subfield code="4">0</subfield>
    <subfield code="7">0</subfield>
    <subfield code="8">NFIC</subfield>
    <subfield code="a">CJ</subfield>
    <subfield code="b">CJ</subfield>
    <subfield code="d">2013-07-15</subfield>
    <subfield code="e">Blue Berry/IN9994/03.01.2013/116/18.12.2012/23.01.2013</subfield>
    <subfield code="g">715.00</subfield>
    <subfield code="l">0</subfield>
    <subfield code="o">004.6  CLA</subfield>
    <subfield code="p">B-492277</subfield>
    <subfield code="r">2013-07-15 00:00:00</subfield>
    <subfield code="t">1</subfield>
    <subfield code="v">715.00</subfield>
    <subfield code="y">EN</subfield>
  </datafield>
  <datafield tag="952" ind1=" " ind2=" ">
    <subfield code="0">0</subfield>
    <subfield code="1">0</subfield>
    <subfield code="4">0</subfield>
    <subfield code="7">0</subfield>
    <subfield code="8">NFIC</subfield>
    <subfield code="a">JP</subfield>
    <subfield code="b">JP</subfield>
    <subfield code="d">2013-07-15</subfield>
    <subfield code="e">Blue Berry/IN9994/03.01.2013/116/18.12.2012/23.01.2013</subfield>
    <subfield code="g">715.00</subfield>
    <subfield code="l">22</subfield>
    <subfield code="m">10</subfield>
    <subfield code="o">004.6  CLA</subfield>
    <subfield code="p">B-492278</subfield>
    <subfield code="r">2022-06-28 00:00:00</subfield>
    <subfield code="s">2022-05-14</subfield>
    <subfield code="t">1</subfield>
    <subfield code="v">715.00</subfield>
    <subfield code="y">EN</subfield>
  </datafield>
  <datafield tag="952" ind1=" " ind2=" ">
    <subfield code="0">0</subfield>
    <subfield code="1">0</subfield>
    <subfield code="4">0</subfield>
    <subfield code="7">0</subfield>
    <subfield code="8">NFIC</subfield>
    <subfield code="a">ZLS</subfield>
    <subfield code="b">ZLS</subfield>
    <subfield code="d">2013-07-15</subfield>
    <subfield code="e">Blue Berry/IN9994/03.01.2013/116/18.12.2012/23.01.2013</subfield>
    <subfield code="g">715.00</subfield>
    <subfield code="l">0</subfield>
    <subfield code="o">004.6  CLA</subfield>
    <subfield code="p">B-492279</subfield>
    <subfield code="r">2013-07-15 00:00:00</subfield>
    <subfield code="t">2</subfield>
    <subfield code="v">715.00</subfield>
    <subfield code="y">EN</subfield>
  </datafield>
  <datafield tag="952" ind1=" " ind2=" ">
    <subfield code="0">0</subfield>
    <subfield code="1">0</subfield>
    <subfield code="4">0</subfield>
    <subfield code="7">0</subfield>
    <subfield code="8">NFIC</subfield>
    <subfield code="a">ZLS</subfield>
    <subfield code="b">ZLS</subfield>
    <subfield code="d">2013-07-15</subfield>
    <subfield code="e">Blue Berry/IN9994/03.01.2013/116/18.12.2012/23.01.2013</subfield>
    <subfield code="g">715.00</subfield>
    <subfield code="l">0</subfield>
    <subfield code="o">004.6  CLA</subfield>
    <subfield code="p">B-492280</subfield>
    <subfield code="r">2013-07-15 00:00:00</subfield>
    <subfield code="t">1</subfield>
    <subfield code="v">715.00</subfield>
    <subfield code="y">EN</subfield>
  </datafield>
  <datafield tag="952" ind1=" " ind2=" ">
    <subfield code="0">0</subfield>
    <subfield code="1">5</subfield>
    <subfield code="4">0</subfield>
    <subfield code="7">0</subfield>
    <subfield code="8">NFIC</subfield>
    <subfield code="a">RKP</subfield>
    <subfield code="b">RKP</subfield>
    <subfield code="d">2013-07-15</subfield>
    <subfield code="e">Blue Berry/IN9994/03.01.2013/116/18.12.2012/23.01.2013</subfield>
    <subfield code="g">715.00</subfield>
    <subfield code="l">0</subfield>
    <subfield code="o">004.6  CLA</subfield>
    <subfield code="p">B-492281</subfield>
    <subfield code="r">2013-07-15 00:00:00</subfield>
    <subfield code="t">1</subfield>
    <subfield code="v">715.00</subfield>
    <subfield code="y">EN</subfield>
  </datafield>
  <datafield tag="952" ind1=" " ind2=" ">
    <subfield code="0">0</subfield>
    <subfield code="1">0</subfield>
    <subfield code="4">0</subfield>
    <subfield code="7">0</subfield>
    <subfield code="8">NFIC</subfield>
    <subfield code="a">AG</subfield>
    <subfield code="b">AG</subfield>
    <subfield code="d">2013-07-15</subfield>
    <subfield code="e">Blue Berry/IN9994/03.01.2013/116/18.12.2012/23.01.2013</subfield>
    <subfield code="g">715.00</subfield>
    <subfield code="l">4</subfield>
    <subfield code="o">004.6  CLA</subfield>
    <subfield code="p">B-492282</subfield>
    <subfield code="r">2022-04-07 00:00:00</subfield>
    <subfield code="s">2022-03-29</subfield>
    <subfield code="t">1</subfield>
    <subfield code="v">715.00</subfield>
    <subfield code="y">EN</subfield>
  </datafield>
  <datafield tag="952" ind1=" " ind2=" ">
    <subfield code="0">0</subfield>
    <subfield code="1">0</subfield>
    <subfield code="4">0</subfield>
    <subfield code="7">0</subfield>
    <subfield code="8">NFIC</subfield>
    <subfield code="a">SP</subfield>
    <subfield code="b">SP</subfield>
    <subfield code="d">2013-07-15</subfield>
    <subfield code="e">Blue Berry/IN9994/03.01.2013/116/18.12.2012/23.01.2013</subfield>
    <subfield code="g">715.00</subfield>
    <subfield code="l">0</subfield>
    <subfield code="o">004.6  CLA</subfield>
    <subfield code="p">B-492283</subfield>
    <subfield code="r">2013-07-15 00:00:00</subfield>
    <subfield code="t">1</subfield>
    <subfield code="v">715.00</subfield>
    <subfield code="y">EN</subfield>
  </datafield>
  <datafield tag="952" ind1=" " ind2=" ">
    <subfield code="0">0</subfield>
    <subfield code="1">0</subfield>
    <subfield code="4">0</subfield>
    <subfield code="7">0</subfield>
    <subfield code="8">NFIC</subfield>
    <subfield code="a">VP</subfield>
    <subfield code="b">VP</subfield>
    <subfield code="d">2013-07-15</subfield>
    <subfield code="e">Blue Berry/IN9994/03.01.2013/116/18.12.2012/23.01.2013</subfield>
    <subfield code="g">715.00</subfield>
    <subfield code="l">5</subfield>
    <subfield code="m">4</subfield>
    <subfield code="o">004.6  CLA</subfield>
    <subfield code="p">B-492284</subfield>
    <subfield code="q">2014-04-30</subfield>
    <subfield code="r">2014-04-16 00:00:00</subfield>
    <subfield code="s">2014-04-16</subfield>
    <subfield code="t">1</subfield>
    <subfield code="v">715.00</subfield>
    <subfield code="y">EN</subfield>
  </datafield>
  <datafield tag="952" ind1=" " ind2=" ">
    <subfield code="0">0</subfield>
    <subfield code="1">5</subfield>
    <subfield code="4">0</subfield>
    <subfield code="7">0</subfield>
    <subfield code="8">NFIC</subfield>
    <subfield code="a">BL3</subfield>
    <subfield code="b">BL3</subfield>
    <subfield code="d">2013-07-15</subfield>
    <subfield code="e">Blue Berry/IN9994/03.01.2013/116/18.12.2012/23.01.2013</subfield>
    <subfield code="g">715.00</subfield>
    <subfield code="l">0</subfield>
    <subfield code="o">004.6  CLA</subfield>
    <subfield code="p">B-492285</subfield>
    <subfield code="r">2013-07-15 00:00:00</subfield>
    <subfield code="t">1</subfield>
    <subfield code="v">715.00</subfield>
    <subfield code="y">EN</subfield>
  </datafield>
  <datafield tag="952" ind1=" " ind2=" ">
    <subfield code="0">0</subfield>
    <subfield code="1">0</subfield>
    <subfield code="4">0</subfield>
    <subfield code="7">0</subfield>
    <subfield code="8">NFIC</subfield>
    <subfield code="a">NR</subfield>
    <subfield code="b">NR</subfield>
    <subfield code="d">2013-07-15</subfield>
    <subfield code="e">Blue Berry/IN9994/03.01.2013/116/18.12.2012/23.01.2013</subfield>
    <subfield code="g">715.00</subfield>
    <subfield code="l">0</subfield>
    <subfield code="o">004.6  CLA</subfield>
    <subfield code="p">B-492286</subfield>
    <subfield code="r">2013-07-15 00:00:00</subfield>
    <subfield code="t">1</subfield>
    <subfield code="v">715.00</subfield>
    <subfield code="y">EN</subfield>
  </datafield>
  <datafield tag="952" ind1=" " ind2=" ">
    <subfield code="0">0</subfield>
    <subfield code="1">0</subfield>
    <subfield code="4">0</subfield>
    <subfield code="7">0</subfield>
    <subfield code="8">NFIC</subfield>
    <subfield code="a">BL4</subfield>
    <subfield code="b">BL4</subfield>
    <subfield code="d">2013-07-15</subfield>
    <subfield code="e">Blue Berry/IN9994/03.01.2013/116/18.12.2012/23.01.2013</subfield>
    <subfield code="g">715.00</subfield>
    <subfield code="l">13</subfield>
    <subfield code="m">14</subfield>
    <subfield code="o">004.6  CLA</subfield>
    <subfield code="p">B-492287</subfield>
    <subfield code="r">2022-12-07 00:00:00</subfield>
    <subfield code="s">2022-11-17</subfield>
    <subfield code="t">1</subfield>
    <subfield code="v">715.00</subfield>
    <subfield code="y">EN</subfield>
  </datafield>
</record>
